000 00640nam a2200181 a 4500
020 _a0750600152
082 0 0 _a621.51
_bPAR
_cL-22, P-49
100 1 _aParr, E. A.
_941871
245 1 0 _aHydraulics and pneumatics :
_ba technician's and engineer's guide /
_cAndrew Parr.
260 _aJordan Hill, Oxford :
_bButterworth Heinemann,
_c1991.
300 _aviii, 223 p. :
_bill. ;
_c24 cm.
500 _aIncludes index.
526 _a0
_b0
_c0
_d621_510000000000000_PAR
650 0 _aHydraulic machinery
_xHandbooks, manuals, etc.
_941872
650 0 _aMCE
_9379
650 0 _aPneumatic machinery
_xHandbooks, manuals, etc.
_941873
942 _2ddc
_cBK
999 _c545890
_d545890